000 00603nam a2200193 a 4500
001 000012686
005 20240530073915.0
008 091116s2003 dr 000 f spa d
040 _aDO-SdBNP
_bspa
_cBNPHU
082 _aRD863.44
_bM737r
100 1 _aMonción Leonardo, Benito,
_d1934-
_929461
245 1 0 _aRosendo :
_bnovela /
_cBenito Monción Leonardo.
260 _aSanto Domingo :
_bTele-3,
_c2003.
300 _a123 p. ;
_c23 cm.
590 _aInventariado, 2019/MFF
650 0 _aNovela dominicana
_9223
650 0 _aLiteratura dominicana.
_967
910 _aValidado. Control de calidad MMOLINA
999 _c12337
_d12337